Psicología

Gardado en:
Detalles Bibliográficos
Main Authors: McKeachie, Wilbert James (autor), Doyle, Charlotte Lackner (Author)
Formato: Libro
Idioma:Lingua castelá
Publicado: Bogotá Fondo Educativo Interamericano 1978
Subjects:
Tags: Engadir etiqueta
Sen Etiquetas, Sexa o primeiro en etiquetar este rexistro!

MARC

LEADER 00000nam a2200000 a 4500
001 UCW3932
003 CL-VaPUC
008 890608e19780000CK |||||||||||||||||spa|d
082 0 4 |a 150  |b MCK  |2 21 
100 |a McKeachie, Wilbert James  |e autor  |9 355802 
700 0 |a Doyle, Charlotte Lackner  |e author  |9 308368 
245 1 0 |a Psicología 
300 |a 634 p 
942 |c BK 
945 |d 19890608 00:00:00 
260 |a Bogotá  |b Fondo Educativo Interamericano  |c 1978 
650 0 |a Psicología   |9 257863 
650 0 |a Psicología del aprendizaje  |9 306854 
583 |a last modification  |c 19890608 00:00:00  |k Rodrigo Vera 
999 |c 217784  |d 217782 
952 |0 0  |1 0  |4 0  |6 150_000000000000000_MCK_1978  |7 0  |8 A  |9 206209  |a BIBGIM  |b BIBGIM  |d 2019-11-15  |i 274001K  |o 150 MCK 1978  |p 274001K  |r 2025-01-15  |w 2019-11-15  |y BK  |k SSL 
952 |0 0  |1 0  |4 0  |6 150_000000000000000_MCK_1978  |7 0  |8 P  |9 206210  |a BIBEDU  |b BIBEDU  |c BIBEDU_PB  |d 2019-11-15  |i 2740036  |o 150 MCK 1978  |p 2740036  |r 2024-01-25  |w 2019-11-15  |y BK  |k EDU 
952 |0 0  |1 0  |4 0  |6 150_000000000000000_MCK_1978  |7 0  |8 P  |9 206211  |a BIBEDU  |b BIBEDU  |c BIBEDU_PB  |d 2019-11-15  |i 2740044  |o 150 MCK 1978  |p 2740044  |r 2024-01-25  |w 2019-11-15  |y BK  |k EDU 
952 |0 0  |1 0  |4 0  |6 150_000000000000000_MCK_1978  |7 0  |8 P  |9 206212  |a BIBEDU  |b BIBEDU  |c BIBEDU_PB  |d 2019-11-15  |i 2740052  |o 150 MCK 1978  |p 2740052  |r 2024-01-25  |w 2019-11-15  |y BK  |k EDU 
952 |0 0  |1 0  |4 0  |6 150_000000000000000_MCK_1978  |7 0  |8 P  |9 206213  |a BIBEDU  |b BIBEDU  |c BIBEDU_PB  |d 2019-11-15  |i 2740060  |o 150 MCK 1978  |p 2740060  |r 2024-01-25  |w 2019-11-15  |y BK  |k EDU 
952 |0 0  |1 0  |4 0  |6 150_000000000000000_MCK_1978  |7 0  |8 P  |9 206214  |a BIBEDU  |b BIBEDU  |c BIBEDU_PB  |d 2019-11-15  |i 2740079  |o 150 MCK 1978  |p 2740079  |r 2024-01-25  |w 2019-11-15  |y BK  |k EDU 
952 |0 0  |1 0  |4 0  |6 150_000000000000000_MCK_1978  |7 0  |8 P  |9 206215  |a BIBEDU  |b BIBEDU  |c BIBEDU_PB  |d 2019-11-15  |i 2740087  |o 150 MCK 1978  |p 2740087  |r 2024-01-25  |w 2019-11-15  |y BK  |k EDU 
952 |0 0  |1 0  |4 0  |6 150_000000000000000_MCK_1978  |7 0  |8 P  |9 206216  |a BIBEDU  |b BIBEDU  |c BIBEDU_PB  |d 2019-11-15  |i 2740095  |o 150 MCK 1978  |p 2740095  |r 2024-01-25  |w 2019-11-15  |y BK  |k EDU 
952 |0 0  |1 0  |4 0  |6 150_000000000000000_MCK_1978  |7 0  |8 P  |9 206217  |a BIBEDU  |b BIBEDU  |c BIBEDU_PB  |d 2019-11-15  |i 2740109  |o 150 MCK 1978  |p 2740109  |r 2024-01-25  |w 2019-11-15  |y BK  |k EDU 
952 |0 0  |1 0  |4 0  |6 150_000000000000000_MCK_1978  |7 0  |8 P  |9 206218  |a BIBEDU  |b BIBEDU  |c BIBEDU_PB  |d 2019-11-15  |i 2740117  |o 150 MCK 1978  |p 2740117  |r 2024-01-25  |w 2019-11-15  |y BK  |k EDU